000 00733nam a2200205Ia 4500
003 OSt
005 20250307164450.0
008 210210b2005 xxu||||| |||| 00| 0 eng d
040 _cAL
041 _aKannada
082 _aK894.9 RAHK
100 _aRAHAMAT TARIKERE. Ed.
_dರಹಮತ್ ತರೀಕೆರೆ
_9205013
245 _aKannada sahitya mimamse samputa 1: Matu Taleyettuva Bage.
_bಕನ್ನಡ ಸಾಹಿತ್ಯ ಮೀಮಾಂಸೆ ಸಂಪುಟ ೧: ಮಾತು ತಲೆ ಎತ್ತುವ ಬಗೆ
260 _aHampi
_bPrasaranga Kannada Vishvavidyalaya
_c2005
300 _a329
650 _aSahitya Mimamse
_9205014
690 _aKannada Criticism
_9205015
906 _aSG04732
942 _2ddc
_cSG
999 _c115557
_d115557